Arvaa urheilu seura - Statistics

Yleistilastot
  • Tätä visaa on pelattu 100 kertaa
  • Keskiarvotulos 14 / 20
Vastaustilastot
Kuvavisa Vastaus % Oikein
FC Barcelona
99%
Real Madrid
95%
Boston Bruins
94%
Dallas Stars
93%
Chicago Bulls
89%
AC Milan
88%
Detroit Red Wings
88%
Los Angeles Lakers
88%
Montreal Canadiens
82%
FC Bayern Munchen
78%
Anaheim Ducks
77%
Manchester United FC
75%
Boston Celtics
61%
Miami Heat
55%
Miami Dolphins
50%
Minnesota vikings
47%
New England Patriots
42%
Dallas Cowboys
38%
New york Knicks
36%
Baltimore Ravens
26%
Ehtoja vastaavia visoja ei löytynyt
Tulosjakauma
Jokaisen tuloksen saaneiden osuus
Persentiili vastausten määrän mukaan
Tuloshistoriasi
Et ole pelannut tätä visaa